| 000 | 00555cam a2200169 i 4500 | ||
|---|---|---|---|
| 001 | 21622302 | ||
| 005 | 20241023144404.0 | ||
| 008 | 200724s2019 gh b 001 0 eng | ||
| 020 |
_a9789988540296 _qHardcover |
||
| 050 | 0 | 0 |
_aKRX451 _b.A35 2019 |
| 100 | 1 |
_aAdjei, Dennis Dominic, _eauthor, _epublisher. |
|
| 245 | 1 | 0 |
_aModern approach to the law of interpretation in Ghana / _cDennis Dominic Adjei. |
| 250 | _aThird edition. | ||
| 300 |
_axlii, 561 pages ; _c26 cm |
||
| 650 | 0 |
_aLaw _zGhana _xInterpretation and construction. |
|
| 942 |
_2lcc _cBK _eThird Ed. _n0 |
||
| 999 |
_c146 _d146 |
||